| 000 | 00679 a2200241 4500 | ||
|---|---|---|---|
| 001 | 110624 | ||
| 020 | _a9781402210747 | ||
| 041 | _apor | ||
| 082 | _aP Year 9 808 | ||
| 250 | _a. ed. | ||
| 300 | _a136 p. | ||
| 697 | _aAmerican poetry. | ||
| 697 | _aCompact discs. | ||
| 697 | _aEnglish poetry. | ||
| 697 | _aYoung adult poetry. | ||
| 856 | _u000003/0000033e.jpg | ||
| 040 |
_aBR-BrIDEA _cBR-BrIDEA |
||
| 090 |
_aP Year 9 808 _bPAS |
||
| 245 | 1 | 0 |
_aPoetry speaks who I am _c Elise Paschen ; advisory editors, Elizabeth Alexander, Joy Harjo, Brad Leithauser editor |
| 260 |
_a[S.l.] _bSourcebooks Jabberwocky _c2010 |
||
| 700 |
_aPaschen, Elise _4org. |
||
| 942 | _cBK | ||
| 999 |
_c110624 _d110624 |
||